00642nam a22002417a 4500003000200000005001700002008000200019010002300021020002200044035002300066037001600089040001500105082001600120100001000136245007000146246000600216260004000222270006000262300002100322650001200343650002800355700001700383020180719140538.00 aA-898738, A-898741 c75.00a8175640987 aA-898738, A-898741 bCen Lib/Ret aDPLbENc0 a574.03bSAH aSahni aSahni's dictionary of biology /cby Sahni; compiled by S. K. Tuli b  bSahni Publicationsc1999aNew Delhi bNew Delhia4777, Dr. Mitra Gali, Roshanara Roade110007 a304p. c22cm(Hb) aBiology aBiology -- Dictionaries aTuli, S. K.